Регионална библиотека "Любен Каравелов" - Русе

Что такое "друзья народа" и как они воюют против социал-демократов ? (Запис номер 401762)

MARC детайли
000 -Лидер
Контролно поле с фиксирана дължина nam a22 a 4500
003 - Код на организацията, давaща контролен номер
Контролно поле BLK
005 - Дата и час на последна редакция
Контролно поле 20210324130647.0
008 - Елементи от данни с фиксирана дължина
fixed length control field 210323b bu |||||r|||| 00| | bu d
040 ## - Източник на каталожния запис
Идентификатор на билиотеката - собственик на записа BLK
041 ## - Код за език
Код за езика на текст/звукозапис или на отделно заглавие Руски
Код за езика КДБФ Руски
080 ## - УДК
Текстов определител УДК Партии и движения със социалистически и социалдемократически възгледи. Социалистически и социалдемократически партии. Вж и 327. 323
УДК код - определител по УДК 329.14
УДК - код + определител 329.14
100 ## - Редна дума - Автор
R(LIN) 334854
Автор Ленин, Владимир Ильич
Авторска отговорност първи автор
139 ## - Редно поле
Редна дума Ленин, Владимир Ильич
245 ## - Сведения за заглавието
Заглавие Что такое "друзья народа" и как они воюют против социал-демократов ?
Подзаглавни данни Ответ на статьи "Русского богатства" против марксистов
Редно поле (дума) Владимир Ильич Ленин
260 ## - Област на издателските данни
9 (RLIN) 217548
Място на издаване, разпространение и проч. Ленинград
Име на издателя, разпространителя и проч. ОГИЗ Госполитиздат
Година на издаване 1945
300 ## - Физическа характеристика
Страници 192с.
Размери/Мащаб 19 см
380 ## - Жанр
Жанр Обществени науки
650 #7 - Допълнително описание по предмет – тема
9 (RLIN) 171385
Основно описание – тема или топоним Социалдемокрация
653 #7 - Ключова дума – ненормативна
9 (RLIN) 196970
Ключова дума социалдемократически партии
653 #7 - Ключова дума – ненормативна
9 (RLIN) 196969
Ключова дума социалдемократи
852 ## - Местоположение
Форматна сигнатура Цб 3.185.34366
Фондова буква Хранилище
852 ## - Местоположение
Форматна сигнатура Цб 3.190.28972
Фондова буква Хранилище
999 ## - СИСТЕМНИ КОНТРОЛНИ НОМЕРА
Koha biblionumber 401762
Koha biblioitemnumber 401762
942 ## - АРТИКУЛИ
Вид на библиотечния материал Книги
Скрит в OPAC Не
Периодичен библиозапис Да
944 ## - СЪЗДАВАНЕ И РЕДАКЦИЯ на ЗАПИСА
Създаване/Редакция Създаване
Дата на регистрацията/редакция 2021-03-23
Служител, извършил регистрацията/редакцията Микаела Микова - Илиева
Статус, дата на статуса 2021-03-23
999 ## - СИСТЕМНИ КОНТРОЛНИ НОМЕРА
Koha biblioitemnumber 401762
Наличности
Код за отписване Код за изгубен артикул Източник на класификационната схема Код за повреда Коз за рестрикции Код за отдаване Артикулен № Име на библиотеката - собственик Име на библиотеката, в която се намира в момента Статус (Текущо местоположение) Дата на вписване в системата Местоположение - отдел Цена в лева Инвентарен номер Систематично азбучна сигнатура Баркод Цена в евро Служебен тип на артикула
  Не е изгубен Universal Decimal Classification Не е повреден само за читалня ползва се в читалня 818375 Регионална библиотека "Любен Каравелов" Русе Регионална библиотека "Любен Каравелов" Русе Хранилище 2021-03-30 Основен фонд - ползва се само за читалня 0.19 34366 Цб 3.185.34366 900000049715 0.10 Книги
  Не е изгубен Universal Decimal Classification Не е повреден само за читалня ползва се в читалня 818663 Регионална библиотека "Любен Каравелов" Русе Регионална библиотека "Любен Каравелов" Русе Хранилище 2021-03-31 Основен фонд - ползва се само за читалня 0.16 28972 Цб 3.190.28972 900000049471 0.08 Книги
Vip Innovations Ltd, Rousse, Bulgaria 2025